000 01006nam a22003137a 4500
001 4764
003 FISKH
005 20250527105653.0
008 241009b cb ||||| |||| 00| 0 eng d
020 _a9780448456904
040 _aFISKH
_beng
_cFISKH
_dFISKH
050 _aPZ7.M47879
082 _a196
100 _aMcmullan, Kate
_d(1947-)
245 _aPearl and Wagner two good friends /
_cby Kate McMullan pictures by R. W. Alley
250 _aPublished in 2003
260 _aNew York :
_bPenguin Young Reader,
_c2003.
300 _a48 pages :
_bcolor illustrations ;
_c23 cm
490 _aPenguin young readers
_vTransitional reader level 3
505 _aJ
520 _aTwo mice, Pearl and Wagner, work together to build a robot for their science project.
521 8 _a470
_bLexile
521 8 _aJ
_bRaz-Plus
650 _2Friendship
_aRabbits
650 _2Easy reader
_aRelationships - Friends
700 _aAlley, R. W.
_dillustrator
942 _2ddc
_cBK
_n0
999 _c4764
_d4764